Análisis dinámico de cimentaciones sujetas a vibraciones forzadas

Presenta un análisis dinámico de cimentaciones sujetas a vibraciones forzadas en el cual se realizó una revisión de la evolución histórica del estado del arte de los conceptos e interpretaciones físicas que han permitido la formulación de métodos de analíticos y numéricos disponibles para...

Full description

Bibliographic Details
Main Author: Lacayo Bermúdez, Gilberto
Other Authors: Tutor: Gutiérrez Somarriba, Oscar
Format: Tesis Section = Libro
Language:Undetermined
Spanish
Published: Managua UNI 2018
Subjects:
LEADER 01192nam a2200265Ia 4500
008 240830s9999 xx 000 0 und d
040 |a BIBLIOTECA-RUPAP Mon 624.1513 L129 
041 |a spa 
082 |a Mon 624.1513 L129 
100 1 |a Lacayo Bermúdez, Gilberto 
245 1 0 |a Análisis dinámico de cimentaciones sujetas a vibraciones forzadas 
260 |a Managua  |b UNI  |c 2018 
300 |a 376 p. :il. 
500 |a Contiene anexos y CD 
502 |a Tesis (Ingeniero Civil)- UNI, 2018. 
520 3 |a Presenta un análisis dinámico de cimentaciones sujetas a vibraciones forzadas en el cual se realizó una revisión de la evolución histórica del estado del arte de los conceptos e interpretaciones físicas que han permitido la formulación de métodos de analíticos y numéricos disponibles para el análisis de las respuestas dinámicas de cimentaciones sometidas al régimen de vibraciones forzadas. 
650 7 |a CIMENTACIONES 
650 7 |b MAQUINAS VIBRATORIAS 
650 7 |c ELASTODINAMICA 
650 7 |d MECANICA ONDULATORIA 
650 7 |e FUERZA ARMINICAS 
700 1 |a Tutor:  |b Gutiérrez Somarriba, Oscar 
942 |c BK  |2 ddc 
991 |a TESIS 
999 |c 15844